| 000 | 00381nam a2200157Ia 4500 | ||
|---|---|---|---|
| 005 | 20250225110712.0 | ||
| 008 | 231217s9999 xx 000 0 und d | ||
| 020 | _a8178812975 | ||
| 082 | _a658.1 JAY;1 R | ||
| 100 | _aJaya Krishna, S ed. | ||
| 245 | 0 | _aERP : new insights | |
| 260 |
_c2004 _bICFAI _aHyderabad |
||
| 300 | _ax+195 | ||
| 650 | _aERP,:,insights | ||
| 942 | _cAA | ||
| 999 |
_c180291 _d180291 |
||